Citrus : (Record no. 18931)
[ view plain ]
| 000 -LEADER | |
|---|---|
| fixed length control field | 00417pam a22001454a 4500 |
| 020 ## - INTERNATIONAL STANDARD BOOK NUMBER | |
| ISBN | 1578083370 |
| 040 ## - CATALOGING SOURCE | |
| Transcribing agency | DLC |
| 082 00 - DEWEY DECIMAL CLASSIFICATION NUMBER | |
| Classification number | 634 SCI 2004 C154 Or. |
| 100 1# - MAIN ENTRY--AUTHOR NAME | |
| Personal name | Mukhopadhyay, S |
| 245 10 - TITLE STATEMENT | |
| Title | Citrus : |
| Remainder of title | production, postharvest, disease and pest management / |
| 260 ## - PUBLICATION, DISTRIBUTION, ETC. (IMPRINT) | |
| Place of publication | Enfield, NH : |
| Name of publisher | Science Publishers, |
| Year of publication | c2004 |
| 300 ## - PHYSICAL DESCRIPTION | |
| Number of Pages | viii, 277 p. : |
| Other physical details | ill. (chiefly col.) ; |
| Dimensions | 25 cm |
| 650 #0 - SUBJECT ADDED ENTRY--TOPICAL TERM | |
| Topical Term | Citrus |
| 942 ## - ADDED ENTRY ELEMENTS (KOHA) | |
| Koha item type | ADB |
No items available.